| 000 | 005440000a22001810004500 | ||
|---|---|---|---|
| 020 | _a84-493-0602-7 | ||
| 041 | 0 | _aSPA | |
| 082 | 0 | 4 | _aG 374.01 R7596e |
| 100 | 1 | _aRomans Siques, Mercè | |
| 245 | 1 | 0 | _aLa educación de las personas adultas : Cómo optimizar la práctica diaria / Mercè Romans Siques, Guillem Viladot Voegeli |
| 260 | _aBarcelona, España : Paidós | ||
| 300 | _a252 Pag | ||
| 001 | 10075 | ||
| 942 | _cBK | ||
| 999 |
_c39817 _d39817 |
||
| 336 |
_atexto _btxt _2rdacontent |
||
| 337 |
_2rdamedia _asin mediación _bn |
||
| 338 |
_2rdacarrier _avolumen _bnc |
||